[Event "Barnaul Kura Memorial"]
[Site "Barnaul"]
[Date "2023.02.25"]
[Round "3"]
[White "Zhuchek, Dmitry"]
[Black "Semenova, Elena"]
[Result "1/2-1/2"]
[WhiteElo "2144"]
[BlackElo "2276"]
[PlyCount "90"]
[EventDate "2023.02.25"]
[EventType "swiss (rapid)"]
[EventRounds "11"]
[EventCountry "RUS"]
[SourceTitle "CBM 213 Extra"]
[Source "ChessBase"]
[SourceDate "2023.05.31"]
[SourceVersion "1"]
[SourceVersionDate "2023.05.31"]
[SourceQuality "1"]

1. e4 e5 2. Nf3 Nc6 3. Bb5 a6 4. Ba4 Nf6 5. 0-0 Be7 6. Re1 d6 7. c3 0-0 8. h3 b5 9. Bb3 Nb8 10. d4 Nbd7 11. Nbd2 Bb7 12. Bc2 Re8 13. Nf1 Bf8 14. Ng3 g6 15. a4 c5 16. d5 c4 17. Bg5 h6 18. Be3 Nc5 19. Bxc5 dxc5 20. Qe2 Qe7 21. Ra2 Reb8 22. Rea1 Ne8 23. Nh2 h5 24. Ngf1 Nd6 25. Ne3 Bh6 26. Nhf1 Qc7 27. Bb1 Nc8 28. a5 Nd6 29. g4 hxg4 30. hxg4 Qe7 31. Ng3 Bc8 32. Kg2 Bxe3 33. Qxe3 Bxg4 34. f3 Bd7 35. Bc2 Kg7 36. Rh1 Rh8 37. Raa1 Nb7 38. Kf2 Rxh1 39. Rxh1 Rh8 40. Rxh8 Kxh8 41. Qh6+ Kg8 42. f4 Qf6 43. f5 Qh8 44. Qg5 Qh2+ 45. Kf3 Qxc2 1/2-1/2